Hình thái đá tai của họ cá chép (Cyprinidae) phân bố ở tỉnh An Giang và Cần Thơ : Luận văn tốt nghiệp Cao học. Ngành Quản lý và bảo vệ nguồn lợi thủy sản

Đề tài mô tả về đặc điểm hình thái đá tai của một số loài cá thuộc họ cá chép (Cyprinidae). Khảo sát quan hệ tương quan giữa chiều dài và trọng lượng thân của cá, quan hệ tương quan giữa chiều dài và trọng lượng đá tai với chiều dài v...

Cur síos iomlán

Đã lưu trong:
Sonraí Bibleagrafaíochta
Príomhúdar: Hồ, Kim Lợi
Formáid: Leabhar
Teanga:Undetermined
Foilsithe: Cần Thơ Trường Đại học Cần Thơ 2012
Ábhair:
Clibeanna: Cuir Clib Leis
Gan Chlibeanna, Bí ar an gcéad duine leis an taifead seo a chlibeáil!
Thư viện lưu trữ: Trung tâm Học liệu Trường Đại học Cần Thơ
LEADER 01360nam a2200229Ia 4500
001 CTU_178738
008 210402s9999 xx 000 0 und d
082 |a 597.482 
082 |b L462 
088 |a 60620305 
100 |a Hồ, Kim Lợi 
245 0 |a Hình thái đá tai của họ cá chép (Cyprinidae) phân bố ở tỉnh An Giang và Cần Thơ : 
245 0 |b Luận văn tốt nghiệp Cao học. Ngành Quản lý và bảo vệ nguồn lợi thủy sản 
245 0 |c Hồ Kim Lợi ; Hà Phước Hùng (Cán bộ hướng dẫn) 
260 |a Cần Thơ 
260 |b Trường Đại học Cần Thơ 
260 |c 2012 
520 |a Đề tài mô tả về đặc điểm hình thái đá tai của một số loài cá thuộc họ cá chép (Cyprinidae). Khảo sát quan hệ tương quan giữa chiều dài và trọng lượng thân của cá, quan hệ tương quan giữa chiều dài và trọng lượng đá tai với chiều dài và trọng lượng của thân cá của một số loài cá thuộc học cá chép. 
650 |a Otoliths,Fishes,Con cá,Đá tai 
650 |x Anatomy,Giải phẫu 
904 |i Năm 
980 |a Trung tâm Học liệu Trường Đại học Cần Thơ